Vie de Jésus - Statistiques

Statistiques générales
  • Ce quiz a été pris 52 fois
    47 depuis la dernière actualisation
  • Le résultat moyen est 3 sur 15
Statistiques - réponses
Hint Réponse % Correct
Dernière semaine Résurrection
72%
Dernière semaine Crucifixion et mort
62%
Vie publique Baptême
49%
Dernière semaine Agonie au Gethsémani et Arrestation
31%
Enfance Annonciation
23%
Enfance Nativité
21%
Dernière semaine Sainte Cène (Institution de l'Eucharistie)
18%
Enfance Visitation
13%
Enfance Recouvrement au temple
10%
Dernière semaine Rameaux
8%
Enfance Epiphanie
3%
Vie publique Transfiguration
3%
Vie publique Choix des disciples
0%
Dernière semaine Onction et derniers enseignements
0%
Vie publique Tentation au désert
0%
Aucun quiz correspondant
Distribution des résultats
% des personnes avec chaque résultat
Percentile par nombre de réponses
Votre historique - résultats
Vous n’avez pas pris ce quiz depuis la dernière actualisation